000 01362nam a2200349Ia 4500
001 ebr10603921
003 CaPaEBR
006 m u
007 cr cn|||||||||
008 090915s2010 ilua sb s001 0 eng d
010 _z 2009038149
020 _z0252035275 (cloth : alk. paper)
020 _z0252077121 (pbk. : alk. paper)
020 _z9780252035272 (cloth : alk. paper)
020 _z9780252077128 (pbk. : alk. paper)
020 _z9780252091391
040 _aCaPaEBR
_cCaPaEBR
035 _a(OCoLC)709664749
050 1 4 _aPN1995.9.A35
_bG73 2010eb
082 0 4 _a791.43/658581
_222
100 1 _aGraham, Mark
_q(Mark A.),
_d1970-
245 1 0 _aAfghanistan in the cinema
_h[electronic resource] /
_cMark Graham.
260 _aUrbana :
_bUniversity of Illinois Press,
_cc2010.
300 _aix, 196 p. :
_bill.
504 _aIncludes bibliographical references and index.
533 _aElectronic reproduction.
_bPalo Alto, Calif. :
_cebrary,
_d2011.
_nAvailable via World Wide Web.
_nAccess may be limited to ebrary affiliated libraries.
650 0 _aMotion pictures
_xHistory.
651 0 _aAfghanistan
_xIn motion pictures.
655 7 _aElectronic books.
_2local
710 2 _aebrary, Inc.
856 4 0 _uhttp://site.ebrary.com/lib/rucke/Doc?id=10603921
_zAn electronic book accessible through the World Wide Web; click to view
999 _c195793
_d195793